| 000 | 00506nam a22001697a 4500 | ||
|---|---|---|---|
| 003 | NUST | ||
| 038 | _aNusrat Nadeem | ||
| 082 | _a200 | ||
| 100 |
_aUzma _9124186 |
||
| 245 |
_aBiosystematic Study of Himalayan Carex L. (Cyperaceae)/ _cUzma |
||
| 264 |
_aIslamabad; _bASAB NUST; _c2019. |
||
| 300 |
_a270,p; _bill; _c30,cm. |
||
| 650 |
_aPhD-Plant Biotechnology _9123759 |
||
| 700 |
_aSupervisor:Dr.Rabia Amir _9124152 |
||
| 856 | _uhttp://10.250.8.41:8080/xmlui/handle/123456789/25576 | ||
| 942 |
_2ddc _cSC |
||
| 999 |
_c610124 _d610124 |
||